000 00650nam a22002293 4500
001 75754
003 BD-RjUL
005 20211209082733.0
008 190629s1921 enk 000 0 eng d
035 _aOCLC pks04075814 from D970321K
035 _a(BD-RjUL)75973
040 _aEQO
_cEQO
_beng
_dBD-RjUL
041 _aeng
082 _223
_a658
_bTHB 1921
100 1 _aTheedam, H. M.
_9232088
245 1 0 _aBusiness management for small retailers /
_cH. M.Theedam
260 _aLondon:
_c1921.
_bSir I. Pitman & Sons, Ltd.
300 _avii, 108 page:
_bill.
650 _aBusiness.
_9232089
650 _aRetail trade.
_9232090
942 _2ddc
_cBK
999 _c75754
_d75754